Imagens do século no mundo (Record no. 45852)

MARC details
000 -Etiqueta do registo
Valores 00675nam a2200229 4500
021 ## - Número do Depósito Legal
Número 36876-2000
100 ## - Dados gerais de processamento
Dados gerais 20060927d2000 k y0pory5003 ba
101 0# - Língua de publicação
Língua por
102 ## - País de publicação
País PT
200 1# - Titulo e menção de responsabilidade
Título próprio Imagens do século no mundo
Primeira menção de responsabilidade ed. lit. e autor do texto António Rego Chaves
Outras menções de responsabilidade sel. fot. João Coutinho
-- Leonel Gonçalves
210 ## - Publicação
Local de publicação [S.l.]
Nome do editor Diário de Noticias
Data de publicação 2000
215 ## - Descrição física 
Paginação / Volumes 207, [1] p.
Outras indicações físicas il.
Dimensões 31 cm
225 2# - Colecção 
Título próprio da colecção Livro de ouro
675 ## - CDU
Notação 930.24(084.12)
675 ## - CDU
Notação 77
Edição BN
Língua por
702 #1 - Autor secundário
Apelido Chaves
Nome António Rego
Função 070
-- 340
702 #1 - Autor secundário
Apelido Coutinho
Nome Rui
Função 600
710 ## - Autor entidade principal
Nome da entidade Diário de Noticias
801 #0 - Fonte de origem
País PT
Agência ESEJPG
Regras de catalogação RPC
990 ## - Elementos KOHA
Tipo de documento Livro
Holdings
Aquisição Empréstimo Código de barras Cota Permissão de empréstimo Tipo de documento
Biblioteca Municipal de Redondo Biblioteca Municipal de Redondo 057077 930.24(084.12) CHA Consulta presencial Livro

Powered by Koha